00443nam a2200109Ia 4500008004100000245018000041260002900221260000900250300000600259650001300265856005500278170516s9999 xx 000 0 und d aFormulation and Evaluation of Multilayered Tablets of Pioglitazone Hydrochloride and Metformin Hydrochloride, Y. Ankamma Chowdary, Ramakrishna Raparla, and Muramshetty Madhuri bJournal of Pharmaceutics c2014 a: xPharmacy uhttps://www.hindawi.com/journals/jphar/contents/2/